1553 1981 1474 1562 1331 1574 1980 1325 1259 1787 1064 1277 1110 1755 1779 1742 1526 1766 1942 1512 1161 1572 1308 1712 1197 1640 1424 1916 1217 1990 1863 1328 1454 1388 1421 1668 1987 1724 1136 1864 1934 1596 1419 1892 1182 1633 1614 1433 1054 1462 1722 1059 1369 1002 1217 1839 1369 1509 1947 1425 1282 1173 1019 1964 1427 1551 1556 1856 1393 1431 1725 1762 1705 1883 1671 1780 1366 1850 1558 1461 1238 1133 1623 1720 1848 1626 1421 1667 1659 1776 1857 1283 1508 1610 1946 1051 1082 1979 1173 BCNSPRNW ULIB Ver.6.0+V

เปลี่ยนเป็นภาษาไทย

Change to English
 แสดงรายละเอียดบรรณานุกรม
  กลับหน้าหลัก

Brief Record : Get Marc (ISO 2709) : E-mail record : QR code < ปิดหน้าต่าง
LEADER : 00000nam 2200000uu 4500
001    13399121014
003     ULIB
008    121030s2552||||th 000 0 tha d
020    ^a9786167042008
050 04 ^aHQ772^bน139ค
100 0  ^aนงนภัส คู่วรัญญู เที่ยงกมล
245 10 ^aความสุขและอัจฉริยะสร้างได้ก่อนเกิด /^cนงนภัส คู่วรัญญู เที่ยงกมล
260    ^aกรุงเทพฯ :^bปราชญ์,^c2552
300    ^a223 หน้า :^bภาพประกอบ
504    ^aบรรณานุกรม: หน้า 223-[224]
650  7 ^aเด็ก^xการดูแล
650  7 ^aเด็กพิเศษ
650  7 ^aอัจฉริยภาพ
945    ^p165^l0^i17702
995    ^aทศพร
999    ^aทศพร เกษรทอง
รายการนี้ยังไม่มีแท็ก
คุณยังไม่ได้ล็อกอิน คุณสามารถมีกิจกรรมร่วมกับเว็บไซต์ได้ แต่ต้องล็อกอินก่อน ::
  ล็อกอิน

รายการสื่อสารสนเทศ

ลำดับที่ ประเภท เลขเรียก/บาร์โค้ด สถานที่ สถานะ
1. วิทยาศาสตร์การแพทย์ และสุขภาพ
วิทยาศาสตร์การแพทย์ และสุขภาพ
HQ772 น139ค ฉ.1 
  Barcode: 17702
ห้องสมุดวิทยาเขตสวรรค์ประชารักษ์
►หนังสือทั่วไป
บนชั้น

รายการใกล้เคียง
    ผู้แต่ง [นงนภัส คู่วรัญญู เที่ยงกมล]

    หัวเรื่อง [เด็ก การดูแล]
    หัวเรื่อง [เด็กพิเศษ]
    หัวเรื่อง [อัจฉริยภาพ]

BibComment


ยังไม่เคยถูกคอมเมนท์

คอมเมนท์ทรัพยากรรายการนี้
  คอมเมนท์: ความสุขและอัจฉริ..


 Copyright 2026. Bcnsprnw @Library